000
00256nam a22001097a 4500
008
230703b xxu||||| |||| 00| 0 eng d
082
_a
342.676
_b
UGA
245
_a
Constitution of the republic of Uganda
260
_c
1995
300
_a
196p
942
_2
ddc
_c
BK
999
_c
3427
_d
3427